000 nam a22 a 4500
999 _c431320
_d431320
003 BLK
005 20210909113336.0
008 210831b bul|||||r ||||||| ||bul||
040 _aBLK
041 _aBUL
_cBUL
080 _aИстория на Македония
_b94(947.7)
_z94(947.7)
139 _aМакедония под турско-гръцкото иго с органически устав
245 1 0 _aМакедония под турско-гръцкото иго с органически устав
_cот Н. М.
260 _aРахово
_bпеч. Ив. К. Томов и сие
_c1889
300 _a88 с.
_c20 см
380 _a9
490 _aКолекция Редки и ценни издания
_9435080
650 0 _9244494
_aМакедония - история
653 7 _aосманско владичество
_9193026
852 _aРб 889
_bРц
942 _cKNG
_n0
_s1
944 _aCR
_c2021-09-09
_kнр